Garancia neznamená zisk

Prínos zaistenej investície pre investorov. Garantovaný verzus termínovaný vklad. Zaistené fondy. Zloženie produktov. Garantované vklady na trhu. Ponuka fondov.

Salvato in:
Dettagli Bibliografici
Autore principale: Luppová, Stanislava
Natura: Capitolo di libro
Lingua:slovacco
Soggetti:
Tags: Aggiungi Tag
Nessun Tag, puoi essere il primo ad aggiungerne!!

MARC

LEADER 00000naa$a2200000$$$4500
001 0088260
005 20231019090019.4
041 0 |a slo 
044 |a SK 
245 1 0 |a Garancia neznamená zisk  |c Stanislava Luppová 
520 |a Prínos zaistenej investície pre investorov. Garantovaný verzus termínovaný vklad. Zaistené fondy. Zloženie produktov. Garantované vklady na trhu. Ponuka fondov. 
610 2 0 |a vklady 
610 2 0 |a banky 
610 2 0 |a zaistenie 
610 2 0 |a investície 
100 1 |a Luppová, Stanislava